| 000 | 00919cab a2200253 4500 | ||
|---|---|---|---|
| 001 | ABS59216 | ||
| 008 | 090401t1998 xxu||||| |||| 00| 0 eng d | ||
| 035 | _a(Sirsi) u88176 | ||
| 041 | _aeng | ||
| 100 | _aWhite, M. | ||
| 245 | _aVarying planning agreements | ||
| 260 | _c1998 | ||
| 350 | _a0 | ||
| 490 |
_aJournal of Planning and Environment Law _vAugust 1998, 750-751(2) |
||
| 520 | _aConsiders whether a deed of variation under section 106 of the Town and Country Planning Act 1990, can vary an agreement made the Town and Country Planning Act 1971 s52. Discusses the case of "R v Merton LBC ex p Barker". | ||
| 650 | _aDEED OF VARIATION | ||
| 650 | _aPLANNING AGREEMENTS | ||
| 650 | _aR V MERTON LBC EX P BARKER | ||
| 650 | _aTOWN AND COUNTRY PLANNING ACT 1971 S52 | ||
| 650 | _aTOWN AND COUNTRY PLANNING ACT 1990 S106 | ||
| 690 | _aPLANNING LAW AND PRACTICE | ||
| 942 | _n0 | ||
| 948 | _c28/08/1998 | ||
| 999 |
_c55712 _d55712 |
||